header

Sacred texts and buried treasures (Record no. 2804)

MARC details
000 -LEADER
fixed length control field 01506nam a2200373 a 4500
082 04 - DEWEY DECIMAL CLASSIFICATION NUMBER
Classification number 952/.01
100 1# - MAIN ENTRY--AUTHOR NAME
Personal name Farris, William Wayne.
245 10 - TITLE STATEMENT
Title Sacred texts and buried treasures
260 ## - PUBLICATION, DISTRIBUTION, ETC. (IMPRINT)
Place of publication Honolulu :
Name of publisher University of Hawai'i Press,
Year of publication c1998.
300 ## - PHYSICAL DESCRIPTION
Number of Pages ix, 333 p. :
Other physical details ill., maps.
650 #0 - SUBJECT ADDED ENTRY--TOPICAL TERM
Topical Term Inscriptions, Japanese.
Topical Term Wooden tablets
856 40 - ELECTRONIC LOCATION AND ACCESS
Uniform Resource Identifier http://site.ebrary.com/lib/rucke/Doc?id=5000423

No items available.

© 2026 Rongo University
Contact us: librarian | system librarian | Rongo university